| 000 | 02089nam1a2200325 i 4500 | ||
|---|---|---|---|
| 001 | RU\NLR\BIBL_A\012664759 | ||
| 005 | 20260407140406.0 | ||
| 010 | _a9785001482017 | ||
| 035 | _a(NLR Aleph) 012664759 | ||
| 090 |
_a12766646 _c12766646 |
||
| 100 | _a20211214g20219999k y0rusy50 ca | ||
| 101 | 0 | _arus | |
| 102 | _aRU | ||
| 105 | _a z 1 | ||
| 181 | 0 |
_ai _baxxe |
|
| 182 | 0 | _an | |
| 200 | 1 |
_aНаука и молодежь XXI века _eматериалы XIX научно-технической конференции студентов и аспирантов (Новосибирск, 17-18 ноября 2020 г.) _fСибирский государственный университет путей сообщения СГУПС _g[редакционная коллегия: проф. А. Д. Абрамов и др.] |
|
| 203 |
_aТекст _bвизуальный _cнепосредственный |
||
| 210 |
_aНовосибирск _cИзд-во Сибирского государственного университета путей сообщения _d2021 |
||
| 215 | _d21 | ||
| 601 | 0 | 2 |
_aСибирский государственный университет путей сообщения _cНовосибирск, город _jСборники _xНаучные конференции _92367473 _3RU\NLR\AUTH\661413295 |
| 686 | 1 | _aЯ431(2Р-4Нов-2Н) | |
| 702 | 1 |
_4340 _8rus _7ca _aАбрамов _bА. Д. _cд-р техн. наук _gАндрей Дмитриевич _3RU\NLR\AUTH\77122053 _9104978 |
|
| 711 | 1 | 2 |
_a"Наука и молодежь XXI века", научно-техническая конференция студентов и аспирантов _d19 _eНовосибирск _f2020 _9781508 _3RU\NLR\AUTH\880557213 |
| 712 | 0 | 2 |
_4475 _aСибирский государственный университет путей сообщения _cНовосибирск _3RU\NLR\AUTH\8810006495 _9510506 |
| 852 |
_aNLR _j2021-3/29078 |
||
| 942 | _cBOOK | ||